| 000 | 005040000a22001930004500 | ||
|---|---|---|---|
| 001 | 000629 | ||
| 003 | MACL | ||
| 005 | 20150818135418.0 | ||
| 008 | 150818b xxu||||| |||| 00| 0 eng d | ||
| 040 |
_aMACL _cMACL |
||
| 041 | _aEnglish | ||
| 082 | _a541/KAR | ||
| 100 |
_aKar, Indu Bhusan _96071 |
||
| 245 |
_aThe Heritage Of Orissa _cIndu Bhusan Kar |
||
| 260 |
_c1997 _bAdvanced Centre For Indological Studies, |
||
| 350 | _a150 | ||
| 650 |
_aChemistry And Allied Sciences _96072 |
||
| 942 |
_k541 _cBK _2ddc |
||
| 999 |
_c629 _d629 |
||